<?xml version="1.0" encoding="UTF-8"?>
<record
    xmlns:xsi="http://www.w3.org/2001/XMLSchema-instance"
    xsi:schemaLocation="http://www.loc.gov/MARC21/slim http://www.loc.gov/standards/marcxml/schema/MARC21slim.xsd"
    xmlns="http://www.loc.gov/MARC21/slim">

  <leader>04081cam a22004694i 4500</leader>
  <controlfield tag="003">PE-LiUPU</controlfield>
  <controlfield tag="005">20250731165420.0</controlfield>
  <controlfield tag="008">151218s2007    pe a   grm    000 0 spa d</controlfield>
  <datafield tag="035" ind1=" " ind2=" ">
    <subfield code="a">(Sirsi) a155572</subfield>
  </datafield>
  <datafield tag="040" ind1=" " ind2=" ">
    <subfield code="a">PE-LiUPU</subfield>
    <subfield code="b">spa</subfield>
    <subfield code="c">PE-LiUPU</subfield>
    <subfield code="e">rda</subfield>
  </datafield>
  <datafield tag="082" ind1="0" ind2="4">
    <subfield code="a">658.562</subfield>
    <subfield code="b">M79 T3</subfield>
  </datafield>
  <datafield tag="099" ind1=" " ind2=" ">
    <subfield code="a">TA 3</subfield>
    <subfield code="b">M79 2007</subfield>
  </datafield>
  <datafield tag="100" ind1="1" ind2=" ">
    <subfield code="a">Morales Cuellar, Feliciana</subfield>
    <subfield code="e">autor</subfield>
  </datafield>
  <datafield tag="245" ind1="1" ind2=" ">
    <subfield code="a">Grado de aplicaci&#xF3;n del sistema de gesti&#xF3;n de calidad ISO 9001: 2000 y grado de satisfacci&#xF3;n de los clientes de las PYMES del sector metal mec&#xE1;nica de Lima, Per&#xFA; /</subfield>
    <subfield code="c">Feliciana Morales Cuellar.</subfield>
  </datafield>
  <datafield tag="264" ind1=" " ind2="0">
    <subfield code="c">2007.</subfield>
  </datafield>
  <datafield tag="300" ind1=" " ind2=" ">
    <subfield code="a">204 hojas : </subfield>
    <subfield code="b">ilustraciones;</subfield>
    <subfield code="c">30 cm</subfield>
  </datafield>
  <datafield tag="336" ind1=" " ind2=" ">
    <subfield code="a">text</subfield>
    <subfield code="2">rdacontent</subfield>
  </datafield>
  <datafield tag="337" ind1=" " ind2=" ">
    <subfield code="a">unmediated</subfield>
    <subfield code="2">rdamedia</subfield>
  </datafield>
  <datafield tag="338" ind1=" " ind2=" ">
    <subfield code="a">volume</subfield>
    <subfield code="2">rdacarrier</subfield>
  </datafield>
  <datafield tag="502" ind1=" " ind2=" ">
    <subfield code="a">Tesis</subfield>
    <subfield code="b">(Mg.) -- </subfield>
    <subfield code="c">Universidad Peruana Uni&#xF3;n,</subfield>
    <subfield code="d">2007.</subfield>
  </datafield>
  <datafield tag="504" ind1=" " ind2=" ">
    <subfield code="a">Incluye referencias</subfield>
  </datafield>
  <datafield tag="520" ind1="3" ind2=" ">
    <subfield code="a">El prop&#xF3;sito de la siguiente investigaci&#xF3;n es determinar si existe una relaci&#xF3;n directa entre el grado de satisfacci&#xF3;n de los clientes y el grado de aplicaci&#xF3;n del sistema de gesti&#xF3;n de la calidad, es decir si la percepci&#xF3;n de la calidad por parte de los clientes esta correlacionada con el grado de aplicaci&#xF3;n del sistema de calidad. En el estudio se est&#xE1; analizando a la Peque&#xF1;a y Mediana empresa (PYME), estas son importantes porque contribuyen a la creaci&#xF3;n de empleo formal y generaci&#xF3;n de riqueza. Participan en el desarrollo arm&#xF3;nico y equilibrado de las actividades econ&#xF3;micas en el pa&#xED;s. Las PYMES aportan aproximadamente el 42.9% del PBI participan en la actividad comercial con un 47% en la actividad productiva 20% en servicios 30%, su capacidad de generaci&#xF3;n de empleo es en la peque&#xF1;a empresa 11% y en la mediana y gran empresa 12%. La gesti&#xF3;n de la calidad que realizan las PYMES es importante desde un punto de vista estrat&#xE9;gico para la competici&#xF3;n de un mercado global, y al realizar el presente estudio estoy colaborando con el pa&#xED;s al preocuparme en la gesti&#xF3;n de las PYMES y establecer pautas de comparaci&#xF3;n, el benchmarking competitivo, es decir el grado de &#xE9;nfasis o propensi&#xF3;n de la organizaci&#xF3;n para observar e investigar las mejores pr&#xE1;cticas competitivas. La investigaci&#xF3;n se ha desarrollado en las peque&#xF1;as y medianas empresas del sector metal mec&#xE1;nica de Lima pues es un sector que est&#xE1; contribuyendo al crecimiento de las exportaciones y son las m&#xE1;s preocupadas por implementar el sistema de gesti&#xF3;n de la calidad ISO 9001.:2000. La investigaci&#xF3;n se ha realizado con un enfoque cuantitativo deductivo y es de tipo no experimental, siendo el dise&#xF1;o transversal o transeccional con un alcance correlacional/causal (por la estructura de las variables de la hip&#xF3;tesis)  descriptiva. La investigaci&#xF3;n por su enfoque ha desarrollado una metodolog&#xED;a estad&#xED;stica inferencial teniendo como poblaci&#xF3;n a los trabajadores y a los clientes de las PYMES del sector metal mec&#xE1;nica de Lima. Los resultados de la investigaci&#xF3;n nos permite comprender que efectivamente existe una relaci&#xF3;n entre la gesti&#xF3;n de la calidad y la satisfacci&#xF3;n de los clientes con la observaci&#xF3;n que esta relaci&#xF3;n no es proporcionalmente sim&#xE9;trica sino de car&#xE1;cter tendencial, que es lo que generalmente corresponde al comportamiento en las ciencias sociales. La investigaci&#xF3;n nos lleva a la conclusi&#xF3;n general de que la satisfacci&#xF3;n de los clientes en un mercado competitivo requiere que las PYMES realicen gestiones de calidad en forma sistem&#xE1;tica.</subfield>
  </datafield>
  <datafield tag="526" ind1=" " ind2=" ">
    <subfield code="a">SEG44</subfield>
  </datafield>
  <datafield tag="526" ind1=" " ind2=" ">
    <subfield code="a">SEG26</subfield>
  </datafield>
  <datafield tag="526" ind1=" " ind2=" ">
    <subfield code="a">P151</subfield>
  </datafield>
  <datafield tag="526" ind1=" " ind2=" ">
    <subfield code="a">P150</subfield>
  </datafield>
  <datafield tag="526" ind1=" " ind2=" ">
    <subfield code="a">P149</subfield>
  </datafield>
  <datafield tag="526" ind1=" " ind2=" ">
    <subfield code="a">P146</subfield>
  </datafield>
  <datafield tag="526" ind1=" " ind2=" ">
    <subfield code="a">P145</subfield>
  </datafield>
  <datafield tag="526" ind1=" " ind2=" ">
    <subfield code="a">P126</subfield>
  </datafield>
  <datafield tag="526" ind1=" " ind2=" ">
    <subfield code="a">P125</subfield>
  </datafield>
  <datafield tag="526" ind1=" " ind2=" ">
    <subfield code="a">P92</subfield>
  </datafield>
  <datafield tag="526" ind1=" " ind2=" ">
    <subfield code="a">P75</subfield>
  </datafield>
  <datafield tag="526" ind1=" " ind2=" ">
    <subfield code="a">P74</subfield>
  </datafield>
  <datafield tag="526" ind1=" " ind2=" ">
    <subfield code="a">P27</subfield>
  </datafield>
  <datafield tag="526" ind1=" " ind2=" ">
    <subfield code="a">P15</subfield>
  </datafield>
  <datafield tag="650" ind1="0" ind2="4">
    <subfield code="a">Normas ISO 9001</subfield>
    <subfield code="x">Satisfacci&#xF3;n del cliente</subfield>
    <subfield code="v">Tesis.</subfield>
  </datafield>
  <datafield tag="650" ind1="0" ind2="4">
    <subfield code="a">PYMES</subfield>
    <subfield code="x">Gesti&#xF3;n de la calidad</subfield>
    <subfield code="v">Tesis.</subfield>
  </datafield>
  <datafield tag="596" ind1=" " ind2=" ">
    <subfield code="a">1</subfield>
  </datafield>
  <datafield tag="942" ind1=" " ind2=" ">
    <subfield code="2">ddc</subfield>
    <subfield code="c">TESIS</subfield>
  </datafield>
  <datafield tag="999" ind1=" " ind2=" ">
    <subfield code="a">TA 3 M79 2007</subfield>
    <subfield code="w">ALPHANUM</subfield>
    <subfield code="c">8248</subfield>
    <subfield code="i">T01005</subfield>
    <subfield code="d">8248</subfield>
    <subfield code="l">CCODEBUL3</subfield>
    <subfield code="m">BUL</subfield>
    <subfield code="q">2</subfield>
    <subfield code="r">1</subfield>
    <subfield code="s">Y</subfield>
    <subfield code="t">TESIS</subfield>
    <subfield code="u">2015-12-18</subfield>
    <subfield code="x">POSGRADO</subfield>
    <subfield code="P">P47</subfield>
    <subfield code="o">.STAFF. Tesis</subfield>
  </datafield>
  <datafield tag="980" ind1=" " ind2=" ">
    <subfield code="8">1</subfield>
    <subfield code="g">ALBERTO SANCHEZ Responsable de Automatizaci&#xF3;n</subfield>
  </datafield>
  <datafield tag="952" ind1=" " ind2=" ">
    <subfield code="r">2018-07-19 00:00:00</subfield>
    <subfield code="l">0</subfield>
    <subfield code="o">TA 3 M79 2007</subfield>
    <subfield code="p">T01005</subfield>
    <subfield code="t">e1</subfield>
    <subfield code="w">2015-12-18</subfield>
    <subfield code="x">PG</subfield>
    <subfield code="y">TESIS</subfield>
    <subfield code="z">Este &#xCD;tem NO se presta por ser Ejemplar #1.</subfield>
    <subfield code="1">0</subfield>
    <subfield code="2">ddc</subfield>
    <subfield code="7">1</subfield>
    <subfield code="8">TESIS</subfield>
    <subfield code="f">P47</subfield>
    <subfield code="a">BUL</subfield>
    <subfield code="b">BUL</subfield>
    <subfield code="c">TESIS</subfield>
    <subfield code="d">2015-12-18</subfield>
  </datafield>
</record>
